Việt Nam định hướng Xã hội Chủ nghĩa trong thế giới toàn cầu hóa
Đã lưu trong:
| 主要作者: | |
|---|---|
| 格式: | 图书 |
| 语言: | Undetermined |
| 出版: |
Thành phố Hồ Chí Minh
Trẻ
2001
|
| 主题: | |
| 标签: |
添加标签
没有标签, 成为第一个标记此记录!
|
| Thư viện lưu trữ: | Trung tâm Học liệu Trường Đại học Cần Thơ |
|---|
| LEADER | 00643nam a2200205Ia 4500 | ||
|---|---|---|---|
| 001 | CTU_43730 | ||
| 008 | 210402s9999 xx 000 0 und d | ||
| 020 | |c 43500 | ||
| 082 | |a 335.41 | ||
| 082 | |b Ng527 | ||
| 100 | |a Nguyên Nguyên | ||
| 245 | 0 | |a Việt Nam định hướng Xã hội Chủ nghĩa trong thế giới toàn cầu hóa | |
| 245 | 0 | |c Nguyên Nguyên | |
| 260 | |a Thành phố Hồ Chí Minh | ||
| 260 | |b Trẻ | ||
| 260 | |c 2001 | ||
| 650 | |a Economic policy,Socialism | ||
| 650 | |x Economic aspects | ||
| 904 | |i Minh, Giang sửa | ||
| 980 | |a Trung tâm Học liệu Trường Đại học Cần Thơ | ||